Prínosy projektového vyučovania v odborných predmetoch stredných škôl : Dizertačná práca

Guardado en:
Detalles Bibliográficos
Autor principal: Tomengová, Alena, 1956- (Autor)
Otros Autores: Budinec, Igor, 1940- (Orientador)
Formato: Manuscrito Libro
Lenguaje:eslovaco
Publicado: Bratislava : STU v Bratislave MTF, 2001
Materias:
Etiquetas: Agregar Etiqueta
Sin Etiquetas, Sea el primero en etiquetar este registro!

MARC

LEADER 00000ntm a22000003a 4500
001 stu78297
005 20150617225642.8
008 021210s2001----xo------------------slo-d
040 |a STU  |b slo 
041 0 |a slo 
044 |a xo 
100 1 |a Tomengová, Alena,  |d 1956-  |4 aut  |u M390  |U MTF Materiálovotechnologická fakulta  |T MTF Katedra environmentálneho a bezpečnostného inžinierstva  |X 53878  |U M390  |Y 177  |7 A000053878 
245 1 |a Prínosy projektového vyučovania v odborných predmetoch stredných škôl :  |b Dizertačná práca 
260 |a Bratislava :  |b STU v Bratislave MTF,  |c 2001 
300 |a 113 s  |c autoreferát 
650 7 |a vyučovanie projektové  |2 stusub 
650 7 |a pedagogika  |2 stusub 
650 7 |a školy stredné odborné  |2 stusub 
700 1 |a Budinec, Igor,  |d 1940-  |4 ths  |u M220  |U MTF Ústav inžinierskej pedagogiky a humatitných vied  |T MTF Katedra inžinierskej pedagogiky a psychológie  |X 3631  |U M220  |Y M220  |7 A000003631 
996 |b .  |c M* DzP-594  |l MMSKP  |s P  |a 0  |w stu78297_0002